000 00657nam a2200217Ia 4500
005 20251020182615.0
008 200515s9999 xx 000 0 und d
082 _aSC/693.1/L51
100 _aLESUR, Luis
245 0 _aManual de albañilería
260 _aMéxico, D.F.
260 _c1993
300 _a171
520 _aGuía para llevar a cabo la construcción de una casa, ya que expone, paso a paso, las diferentes etapas de ese proceso mediante detalladas explicaciones y abundantes fotografías
650 _aALBAÑILERIA
650 _aBLOQUES DE CONCRETO
650 _aESCALERAS
650 _aMANUALES
650 _aMUROS
942 _cLIB
999 _c3479
_d3479